000 00790nam a2200253Ia 4500
003 OSt
005 20221005063027.0
006 a|||||r|||| 00| 0
007 ta
008 221004b |||||||| |||| 00| 0 eng d
020 _a9781412811613 (hbk)
_c2262.23
024 _a107325
037 _b31402, 03/03/2011, Segment Book Distributors
_cTextual
040 _aCRL
_cCRL
_beng
041 _2eng
_aeng
082 _aO111,3:g(Y:438), Q0
100 _aCaute David
245 0 _aPolitics and the novel during the cold war
260 _aLondon
_bTransaction Pub. UK
_c2010
300 _a403p.
_ccm.
650 _aENGLISH LITERATURE
942 _hO111,3:g(Y:438), Q0
_cTEXL
_2cc
999 _c970747
_d970747